000 00660nam a2200277Ia 4500
001 Z_104
003 CHAP
008 220113s1982 xx 000 0 und d
010 _a163072
040 _cCHAP
090 _aFolleto 133
100 _aAsociación Nacional de Criadores de Ovino Segureño. España
_9137305
245 _aLa raza segureña /
_cpor ANCOS
260 _aGranada :
_bLa Asociación,
_c1982
300 _a[6] p. :
_bilus.
440 _a
500 _a
503 _a
650 _aGanado lanar
_xRazas I. t.
_9137306
901 _aFolleto 133
902 _aA
910 _a1982
942 _cc14
942 _cc14
999 _c163072
_d163072